000
00245cam a22001095a 4500
008
120109s xxk f 000 0 eng d
035
_a
(Sirsi) u154649
041
0
_a
eng
245
0
0
_a
**REQUIRED FIELD**
651
4
_a
ENGLAND AND WALES
942
_n
0
999
_c
113085
_d
113085